QUOI ? - Statistiques

Statistiques générales
  • Ce quiz a été pris 163 fois
  • Le résultat moyen est 2 sur 15
Statistiques - réponses
Hint Réponse % Correct
Quoi Feur
98%
Quoi Coubeh
83%
Quoi De
17%
Hein Apagnan
11%
Quoi Drilatere
10%
Quoi Driceps
5%
Quoi Chi
3%
Quoi Dragenaire
3%
Quoi Rtz
3%
Quoi Tuor
3%
Quoi Dratique
1%
Quoi Gulation
1%
Quoi Lition
1%
Quoi Sser
1%
Quoi Ternaire
1%
Aucun quiz correspondant
Distribution des résultats
% des personnes avec chaque résultat
Percentile par nombre de réponses
Votre historique - résultats
Vous n’avez pas pris ce quiz